<?xml version="1.0" encoding="UTF-8"?>
<record
    xmlns:xsi="http://www.w3.org/2001/XMLSchema-instance"
    xsi:schemaLocation="http://www.loc.gov/MARC21/slim http://www.loc.gov/standards/marcxml/schema/MARC21slim.xsd"
    xmlns="http://www.loc.gov/MARC21/slim">

  <leader>02761nam a2200277 a 4500</leader>
  <controlfield tag="003">OSt</controlfield>
  <controlfield tag="005">20251103141725.0</controlfield>
  <controlfield tag="007">cr ||||||a|c|a</controlfield>
  <controlfield tag="008">230523b2022    mx ad||fom||| 001 0 spa d</controlfield>
  <datafield tag="040" ind1=" " ind2=" ">
    <subfield code="e">rda</subfield>
  </datafield>
  <datafield tag="100" ind1="1" ind2=" ">
    <subfield code="9">187482</subfield>
    <subfield code="a">Mart&#xED;nez Hern&#xE1;ndez, Amparo</subfield>
  </datafield>
  <datafield tag="245" ind1="1" ind2="0">
    <subfield code="a">Propagaci&#xF3;n in vitro de nuevas variedades de alcatraz (Zantedeschia aethiopica L.) /</subfield>
    <subfield code="b">por Amparo Mart&#xED;nez Hern&#xE1;ndez ; director de tesis Guillermo Cruz Castillo.</subfield>
  </datafield>
  <datafield tag="264" ind1=" " ind2="1">
    <subfield code="a">Chapingo, M&#xE9;xico :</subfield>
    <subfield code="b">El autor,</subfield>
    <subfield code="c">2022.</subfield>
  </datafield>
  <datafield tag="300" ind1=" " ind2=" ">
    <subfield code="a">1 recurso en l&#xED;nea (110 p&#xE1;ginas) :</subfield>
    <subfield code="b">cuadros, figuras.</subfield>
  </datafield>
  <datafield tag="336" ind1=" " ind2=" ">
    <subfield code="2">rdacontent</subfield>
    <subfield code="a">texto</subfield>
    <subfield code="b">txt</subfield>
  </datafield>
  <datafield tag="337" ind1=" " ind2=" ">
    <subfield code="2">rdamedia</subfield>
    <subfield code="a">computadora</subfield>
    <subfield code="b">c</subfield>
  </datafield>
  <datafield tag="338" ind1=" " ind2=" ">
    <subfield code="2">rdacarrier</subfield>
    <subfield code="a">recurso en l&#xED;nea</subfield>
    <subfield code="b">cr</subfield>
  </datafield>
  <datafield tag="502" ind1=" " ind2=" ">
    <subfield code="b">MCH</subfield>
    <subfield code="c">Fitotecnia</subfield>
    <subfield code="d">2022</subfield>
    <subfield code="g">MAE</subfield>
  </datafield>
  <datafield tag="504" ind1=" " ind2=" ">
    <subfield code="a">Incluye literatura citada : 41-46,78-80,96-97,109-110.</subfield>
  </datafield>
  <datafield tag="520" ind1=" " ind2=" ">
    <subfield code="a">Con la finalidad de generar pl&#xE1;ntulas de alcatraz (Zantedeschia aethiopica L. Spreng) libres de enfermedades y generar un esquema de control de microrganismos pat&#xF3;genos, se estableci&#xF3; y evalu&#xF3; la respuesta de los cultivares Deja v&#xFA; y Utop&#xED;a as&#xED; como de semillas y embriones de alcatraz blanco o criollo.Los resultados mostraron que el antibi&#xF3;tico agrimicyn (2 g L-1) adicionado con el fungicida benomilo (2 g L-1) reducen significativamente la contaminaci&#xF3;n end&#xF3;fita por hongos y bacterias (P&#x2264;0.05) en explantes provenientes de rizoma para los cultivares Deja v&#xFA; y Utop&#xED;a. Mientras que en la germinaci&#xF3;n de semillas in vitrono se observ&#xF3; contaminaci&#xF3;n con el uso de etanol al 70 % durante 1 minuto seguido de hipoclorito de sodio al 10 % durante 15 minutos y con el uso de per&#xF3;xido al 30 %. En el establecimiento in vitro de semillas y embriones las semillas se extrajeron de dos diferentes estados de maduraci&#xF3;n (maduro e inmaduro), se pretrataron con per&#xF3;xido de hidr&#xF3;geno (H2O2) al 30 % y &#xFA;nicamente con agua est&#xE9;ril, posteriormente se sembraron en un medio de cultivo con sales Murashige &amp; Skoog (MS) al 100 % adicionado con BAP (0, 0.3 y 3 mg L-1) y AG3 (0, 0.3 y 3 mg L-1), la prueba Kruskal y Wallis demostr&#xF3; que el medio suplementado con 3.0 mg L-1 de AG3 y 0.3 mg L-1 de BAP present&#xF3; el menor tiempo medio de germinaci&#xF3;n (35 d&#xED;as despu&#xE9;s del establecimiento) por otra parte, no se observ&#xF3; efecto de los tratamientos sobre el porcentaje de emergencia (P&#x2264;0.05) mientras que en el rescate de embriones no se observ&#xF3; efectos significativos de los tratamientos probados.</subfield>
  </datafield>
  <datafield tag="650" ind1=" " ind2="4">
    <subfield code="9">187483</subfield>
    <subfield code="a">Alcatr&#xE1;z</subfield>
    <subfield code="x">Micropropagaci&#xF3;n</subfield>
  </datafield>
  <datafield tag="650" ind1=" " ind2="4">
    <subfield code="9">163308</subfield>
    <subfield code="a">Semillas</subfield>
    <subfield code="x">Cultivo in vitro  </subfield>
  </datafield>
  <datafield tag="700" ind1="1" ind2=" ">
    <subfield code="a">Cruz Castillo, Juan Guillermo</subfield>
    <subfield code="e">director.</subfield>
    <subfield code="9">29322</subfield>
  </datafield>
  <datafield tag="856" ind1=" " ind2=" ">
    <subfield code="u">http://10.13.5.2/tesis/tm/1913288-4_MARTINEZ_HERNANDEZ_AMPARO.pdf</subfield>
    <subfield code="z">DESCARGAR PDF</subfield>
  </datafield>
  <datafield tag="942" ind1=" " ind2=" ">
    <subfield code="2">Clasificaci&#xF3;n Universidad Aut&#xF3;noma Chapingo</subfield>
    <subfield code="c">TD</subfield>
  </datafield>
  <datafield tag="999" ind1=" " ind2=" ">
    <subfield code="c">218812</subfield>
    <subfield code="d">218812</subfield>
  </datafield>
  <datafield tag="952" ind1=" " ind2=" ">
    <subfield code="0">0</subfield>
    <subfield code="1">0</subfield>
    <subfield code="2">local</subfield>
    <subfield code="4">0</subfield>
    <subfield code="5">1</subfield>
    <subfield code="7">0</subfield>
    <subfield code="8">TesDigM</subfield>
    <subfield code="a">BD</subfield>
    <subfield code="b">BD</subfield>
    <subfield code="c">E_L</subfield>
    <subfield code="d">2023-06-28</subfield>
    <subfield code="l">0</subfield>
    <subfield code="o">Tesis digital</subfield>
    <subfield code="r">2023-06-28 00:00:00</subfield>
    <subfield code="w">2023-06-28</subfield>
    <subfield code="y">TD</subfield>
  </datafield>
</record>
